Mouse practice. (Record no. 113609)
[ view plain ]
| 000 -LEADER | |
|---|---|
| fixed length control field | 00277nam a2200121 a 4500 |
| 001 - CONTROL NUMBER | |
| control field | 4140 |
| 005 - DATE AND TIME OF LATEST TRANSACTION | |
| control field | 20140414132030.0 |
| 008 - FIXED-LENGTH DATA ELEMENTS--GENERAL INFORMATION | |
| fixed length control field | 090218s19uu xx 00 eng d |
| 050 ## - LIBRARY OF CONGRESS CALL NUMBER | |
| Classification number | TR |
| Item number | M86 1999 |
| 100 ## - MAIN ENTRY--PERSONAL NAME | |
| Personal name | McCully, Emily Arnold |
| 245 ## - TITLE STATEMENT | |
| Title | Mouse practice. |
| Withdrawn status | Lost status | Damaged status | Home library | Current library | Shelving location | Date acquired | Total Checkouts | Full call number | Barcode | Date last seen | Price effective from | Koha item type |
|---|---|---|---|---|---|---|---|---|---|---|---|---|
| Munich Library | Munich Library | Teachers Reference Section | 03/17/2009 | TR M86 1999 | M5205 | 04/14/2014 | 04/14/2014 | Books |